| 000 | 00734nam a2200265Ia 4500 | ||
|---|---|---|---|
| 003 | OSt | ||
| 005 | 20221005084932.0 | ||
| 006 | a|||||r|||| 00| 0 | ||
| 007 | ta | ||
| 008 | 221004b |||||||| |||| 00| 0 eng d | ||
| 020 | _a0521350190 | ||
| 024 | _a35152 | ||
| 037 | _cTextual | ||
| 040 |
_aCRL _cCRL _beng |
||
| 041 |
_2eng _aeng |
||
| 082 | _aP3:1, P01 | ||
| 100 |
_aEwen Colin J. _912556 |
||
| 245 | 0 |
_aPhonological structure of words _b An introduction |
|
| 260 |
_aNew York _bCambridge University Press USA _c2001 |
||
| 300 |
_a274p. _ccm. |
||
| 650 | _aLINGUISTICS | ||
| 700 | _a Hulst Harry Van Der | ||
| 942 |
_hP3:1, P01 _cTEXL _2cc |
||
| 999 |
_c993305 _d993305 |
||